Ethikai előadások
Elmentve itt :
| Szerző: | |
|---|---|
| Adatforrás: | Philobibl |
| Dokumentumtípus: | Könyv |
| Nyelv: | magyar |
| Kulcsszavak: | etika |
| Megjelent: |
Bp.
Lampel
1926
|
| LEADER | 00297nam a2200121 c 4500 | ||
|---|---|---|---|
| 001 | bibDOK00006711 | ||
| 005 | 20200924120247.3 | ||
| 008 | 060518s1926 hu hun | ||
| 100 | 1 | |a Bárány Gerő | |
| 245 | 1 | 0 | |a Ethikai előadások |c Bárány Gerő |
| 260 | |a Bp. |b Lampel |c 1926 | ||
| 300 | |a 207 p. | ||
| 695 | |a etika | ||